The Durand line, its geo-strategic importance / (Record no. 523635)

000 -LEADER
fixed length control field 01375cam a2200349 a 4500
001 - CONTROL NUMBER
control field 16633576
003 - CONTROL NUMBER IDENTIFIER
control field NUST
005 - DATE AND TIME OF LATEST TRANSACTION
control field 20190516082806.0
008 - FIXED-LENGTH DATA ELEMENTS--GENERAL INFORMATION
fixed length control field 110202s2005 pk b g bz 000 0 eng
010 ## - LIBRARY OF CONGRESS CONTROL NUMBER
LC control number 2011326215
038 ## - RECORD CONTENT LICENSOR
Staff Name waseem
040 ## - CATALOGING SOURCE
Original cataloging agency DLC
Transcribing agency DLC
042 ## - AUTHENTICATION CODE
Authentication code lcode
-- pcc
043 ## - GEOGRAPHIC AREA CODE
Geographic area code a-af---
-- a-ii---
-- a-pk---
050 00 - LIBRARY OF CONGRESS CALL NUMBER
Classification number KZ3684.5 .A3
Item number K53 2005
082 ## - DEWEY DECIMAL CLASSIFICATION NUMBER
Classification number 911.581
Author Mark KHA
100 1# - MAIN ENTRY--PERSONAL NAME
Personal name Khan, Azmat Hayat.
9 (RLIN) 14395
245 14 - TITLE STATEMENT
Title The Durand line, its geo-strategic importance /
Statement of responsibility, etc. Azmat Hayat Khan ; editor, M.Y. Effendi.
250 ## - EDITION STATEMENT
Edition statement 3rd ed.
260 ## - PUBLICATION, DISTRIBUTION, ETC.
Place of publication, distribution, etc. Peshawar :
Name of publisher, distributor, etc. Area Study Centre (Russia, China & Central Asia), University of Peshawar and
-- Hanns Seidel Foundation,
Place of publication, distribution, etc. [Islamabad],
Date of publication, distribution, etc. c2005.
300 ## - PHYSICAL DESCRIPTION
Extent xix, 341 p. :
Other physical details maps (some folded) ;
Dimensions 23 cm.
500 ## - GENERAL NOTE
General note Originally presented as the author's thesis (Ph. D.)--University of Peshawar.
504 ## - BIBLIOGRAPHY, ETC. NOTE
Bibliography, etc. note Includes bibliographical references (p. 311-341).
651 #0 - SUBJECT ADDED ENTRY--GEOGRAPHIC NAME
Geographic name Afghanistan
General subdivision Boundaries
Geographic subdivision Pakistan.
9 (RLIN) 3932
651 #0 - SUBJECT ADDED ENTRY--GEOGRAPHIC NAME
Geographic name Pakistan
General subdivision Boundaries
Geographic subdivision Afghanistan.
9 (RLIN) 3933
651 #0 - SUBJECT ADDED ENTRY--GEOGRAPHIC NAME
Geographic name Afghanistan
General subdivision Boundaries
Geographic subdivision India
General subdivision History
Chronological subdivision 19th century.
9 (RLIN) 14396
651 #0 - SUBJECT ADDED ENTRY--GEOGRAPHIC NAME
Geographic name India
General subdivision Boundaries
Geographic subdivision Afghanistan
General subdivision History
Chronological subdivision 19th century.
9 (RLIN) 14397
700 1# - ADDED ENTRY--PERSONAL NAME
Personal name Effendi, M. Y.
Fuller form of name (Muhammad Yahya)
9 (RLIN) 14398
906 ## - LOCAL DATA ELEMENT F, LDF (RLIN)
a 7
b cbc
c origode
d 3
e ncip
f 20
g y-gencatlg
942 ## - ADDED ENTRY ELEMENTS (KOHA)
Source of classification or shelving scheme
Koha item type Book
Holdings
Withdrawn status Lost status Source of classification or shelving scheme Damaged status Not for loan Permanent Location Current Location Date acquired Total Checkouts Total Renewals Full call number Barcode Date last seen Date last checked out Price effective from Koha item type
          Central Library (CL) Central Library (CL) 05/16/2019 2 1 911.581 KHA CL-E-2033 10/22/2019 10/22/2019 05/16/2019 Book
© 2023 Central Library, National University of Sciences and Technology. All Rights Reserved.